| 000 | 00380pab a2200157 454500 | ||
|---|---|---|---|
| 008 | 180718b2007 xxu||||| |||| 00| 0 eng d | ||
| 100 | _aDatta, Pranati | ||
| 245 | _aUrbanisation in India | ||
| 260 | _c2007 | ||
| 300 | _ap.124-33. | ||
| 650 | _aUrbanization - India | ||
| 650 | _aUrbanization | ||
| 773 | _aIndian Journal of Regional Science | ||
| 908 | _aN | ||
| 909 | _a74699 | ||
| 999 |
_c74699 _d74699 |
||